000 00680nam a2200145Ia 4500
008 171212s9999 xx 000 0 und d
020 _a9780801452024
100 _aCody, Francis
245 _cCody, Francis
_aThe Light of Knowledge
_bLiteracy Activism and the Politics of Writing in South India
260 _bCornell University Press
_c2013
440 _aExpertise: Cultures and Technologies of Knowledge
650 _aAnthropology
650 _aArivoli (Organization : Tamil Nadu, India); Literacy programs -- India -- Tamil Nadu; Literacy -- Political aspects -- India -- Tamil Nadu; Tamil Nadu (India) -- Rural conditions
856 _uwww.jstor.org/stable/10.7591/j.ctt32b5k9
999 _c351459
_d351459